| 000 | 01052nam a2200301 i 4500 | ||
|---|---|---|---|
| 005 | 20220317001820.0 | ||
| 007 | ta | ||
| 008 | 170306s2007 ck a gr 000 0 spa d | ||
| 020 | _a9789583006388 | ||
| 040 |
_aCO-BoRNBP _bspa _erda _cCO-BoRNBP |
||
| 041 | 0 | _aspa | |
| 082 | 0 | 4 |
_a320.1 _bM16p _223 |
| 100 | 1 |
_aMaquiavelo, Nicolás _d1469-1527 _eautor |
|
| 245 | 1 | 3 |
_aEl príncipe _cNicolás Maquiavelo ; traducción Edmundo González Blanco ; incluye comentarios de Napoleón Bonaparte |
| 250 |
_aPrimera edición _bSeptima reimpresión |
||
| 264 | 1 |
_aBogotá _bPanamericana _c2007 |
|
| 300 |
_a230 páginas _bilustraciones a color _c17 cm |
||
| 336 |
_atexto _btxt _2rdacontent |
||
| 337 |
_asin mediación _bn _2rdamedia |
||
| 338 |
_avolumen _bnc _2rdacarrier |
||
| 490 | 0 | _aFilosofia y Política | |
| 650 | 1 | 7 |
_aCiencias políticas _2ARMARC |
| 650 | 1 | 7 |
_aÉtica política _2ARMARC |
| 650 | 1 | 7 |
_aPoder (Ciencias sociales) _2ARMARC |
| 700 | 1 |
_aGonzález Blanco, Edmundo _etraductor _9174877 |
|
| 700 | 1 |
_aNapoleón _d1769-1821 _9174878 |
|
| 942 |
_2ddc _cBK |
||
| 999 |
_c8184 _d8184 |
||